000 01059cam a22002531i 4500
003 SA-RiAUC
005 20251119130919.0
008 251027s1986 ||| g 000 0 ara c
040 _aSA-JeALM
_bara
_cSA-RiAUC
_erda
082 0 4 _a251
090 _a251
_bا ب و و
100 1 _aأبو الوليد الباجي، سليمان بن خلف بن سعد،
_d403-474 هجري
_eمؤلف.
245 1 0 _aإحكام الفصول في أحكام الفصول /
_cأبو الوليد الباجي ؛ حققه وقدم له ووضع فهارسه عبد المجيد تركي.
250 _aالطبعة الاولى.
264 1 _aبيروت :
_bدار الغرب الإسلامي،
_c1986
300 _a982 صفحة
_c24 سم.
336 _aنص
_btxt
_2rdacontent
_3كتاب
337 _aبدون وسيط
_bn
_2rdamedia
338 _aمجلد
_bnc
_2rdacarrier
650 7 _aأصول الفقه الإسلامي
_2aucsh
700 1 _aتركي، عبد المجيد،
_d1931-2010
_eمحقق.
942 _2ddc
_cBOOK
_n0
949 _aSA-JeALM
_d251027
_uosman123
_n1
999 _c13348
_d13348